00945nam a2200193 i 45000010005000000030009000050050017000140080041000312450203000722600039002753000022003144900034003366500089003706500089004598300042005488520023005909990015006139520123006283661ES-MaACL20250902073144.0200218s1966 sp |||| | spa d00aSiderometalurgia b: Reglamentación Nacional de Trabajo en la industria siderometalurgica, Reglamentación Nacional de Trabajo en la industria metalgrafica y de construccion de envases metalicos. aMadrid : bGarcia Enciso, c[1966] a380 p. ; c16 cm.1 a"Colección García Enciso" 4aTrabajadores de la industria siderúrgica-xEstatuto jurídico-zEspaña.9165906 4aTrabajadores de la industria metalúrgica-xEstatuto jurídico-zEspaña.916962000aColección "García Enciso"9176884 aES-MaACLjP-1332-6 c3661d3661 00104070aATENEOMbATENEOMcDEPO2d2005-05-08eSCl0oP-1332-6p1201559r2023-02-23 00:00:00w2023-02-23yMONOGRAFIA